[Event "Mecklenburg VP Verbandsliga 2223"]
[Site "Mecklenburg VP"]
[Date "2023.02.26"]
[Round "6.4"]
[White "Wurst, Maximilian"]
[Black "Markovych, Leonid"]
[Result "1/2-1/2"]
[WhiteElo "1723"]
[BlackElo "1296"]
[PlyCount "61"]
[EventDate "2022.10.23"]
[EventType "team-tourn"]
[EventRounds "9"]
[EventCountry "GER"]
[SourceTitle "EXT 2024"]
[Source "ChessBase"]
[SourceDate "2023.10.10"]
[SourceVersion "1"]
[SourceVersionDate "2023.10.10"]
[SourceQuality "1"]
[WhiteTeam "Rostock SSC 07"]
[BlackTeam "Makkabi Rostock"]
[WhiteTeamCountry "GER"]
[BlackTeamCountry "GER"]

1. e4 e6 2. d4 d5 3. e5 c5 4. c3 Nc6 5. Nf3 Qb6 6. Qb3 cxd4 7. Qxb6 axb6 8. cxd4 Nb4 9. Na3 Bd7 10. Be2 Ne7 11. 0-0 Nf5 12. Bd2 Be7 13. Bxb4 Bxb4 14. Nc2 Be7 15. Bd3 Nh4 16. Nxh4 Bxh4 17. Ne3 0-0 18. f4 f5 19. g3 Be7 20. a3 g6 21. Rfc1 Rfc8 22. Kf2 Bd8 23. Nc2 Kf7 24. Ke3 Rc7 25. Nb4 Rac8 26. Kd2 Rxc1 27. Rxc1 Rxc1 28. Kxc1 g5 29. Kd2 gxf4 30. gxf4 Bh4 31. b3 1/2-1/2

[Event "Mecklenburg VP Verbandsliga 2223"]
[Site "Mecklenburg VP"]
[Date "2022.11.06"]
[Round "2.5"]
[White "Wurst, Maximilian"]
[Black "Morosova, Svetlana"]
[Result "0-1"]
[WhiteElo "1723"]
[BlackElo "1675"]
[PlyCount "60"]
[EventDate "2022.10.23"]
[EventType "team-tourn"]
[EventRounds "9"]
[EventCountry "GER"]
[SourceTitle "EXT 2024"]
[Source "ChessBase"]
[SourceDate "2023.10.10"]
[SourceVersion "1"]
[SourceVersionDate "2023.10.10"]
[SourceQuality "1"]
[WhiteTeam "Rostock SSC 07"]
[BlackTeam "Think Rochade"]
[WhiteTeamCountry "GER"]
[BlackTeamCountry "GER"]

1. e4 c5 2. Nf3 e6 3. d4 cxd4 4. Nxd4 a6 5. Nc3 Qc7 6. a3 Nc6 7. Be3 Nf6 8. Be2 Be7 9. 0-0 0-0 10. f4 d6 11. Qd2 Bd7 12. f5 Ne5 13. h3 Nc4 14. Bxc4 Qxc4 15. b3 Qc7 16. Qd3 Rac8 17. Nce2 e5 18. Nf3 Qxc2 19. Qxc2 Rxc2 20. Ng3 Rc3 21. Bd2 Rxb3 22. Bb4 Re8 23. Kf2 Bc6 24. Nd2 Rb2 25. Ke3 d5 26. Bxe7 Rxe7 27. Rab1 Ra2 28. Ra1 d4+ 29. Kd3 Bb5+ 30. Nc4 Rxg2 0-1

[Event "Vellmar op 11th"]
[Site "Vellmar"]
[Date "2019.07.07"]
[Round "7"]
[White "Fuhrmeister, Ulf Theo"]
[Black "Wurst, Maximilian"]
[Result "1/2-1/2"]
[WhiteElo "2008"]
[BlackElo "1704"]
[PlyCount "49"]
[EventDate "2019.07.04"]
[EventType "swiss"]
[EventRounds "7"]
[EventCountry "GER"]
[SourceTitle "CBM 191 Extra"]
[Source "ChessBase"]
[SourceDate "2019.09.30"]
[SourceVersion "1"]
[SourceVersionDate "2019.09.30"]
[SourceQuality "1"]

1. Nf3 Nf6 2. c4 e6 3. g3 d5 4. b3 Be7 5. Bb2 c5 6. cxd5 exd5 7. Bg2 b6 8. 0-0 Bb7 9. d4 Nbd7 10. Nc3 0-0 11. Rc1 Re8 12. Qd3 h6 13. Rfd1 Bf8 14. e3 Qe7 15. Re1 Ne4 16. Nd2 Rac8 17. Bh3 a6 18. Ncxe4 dxe4 19. Qb1 Rc7 20. dxc5 Nxc5 21. Ba3 Qd8 22. Bxc5 Rxc5 23. Rxc5 Bxc5 24. Rd1 Qf6 25. Bg2 1/2-1/2

[Event "Mecklenburg VP LL2 West 1819"]
[Site "Mecklenburg VP"]
[Date "2019.03.10"]
[Round "7.4"]
[White "Krueger, Gerhard"]
[Black "Wurst, Maximilian"]
[Result "1-0"]
[WhiteElo "1972"]
[BlackElo "1723"]
[PlyCount "41"]
[EventDate "2018.10.21"]
[EventType "team-tourn"]
[EventRounds "9"]
[EventCountry "GER"]
[SourceTitle "EXT 2022"]
[Source "ChessBase"]
[SourceDate "2021.10.06"]
[SourceVersion "1"]
[SourceVersionDate "2021.10.06"]
[SourceQuality "1"]
[WhiteTeam "Schwerin SF IV"]
[BlackTeam "Rostock SSC 07 II"]
[WhiteTeamCountry "GER"]
[BlackTeamCountry "GER"]

1. e4 e5 2. Nf3 Nc6 3. d4 exd4 4. Bc4 h6 5. 0-0 Bc5 6. c3 dxc3 7. Bxf7+ Kxf7 8. Qd5+ Kf8 9. Qxc5+ Qe7 10. Qxe7+ Ngxe7 11. Nxc3 d6 12. Nb5 Bg4 13. Nxc7 Rc8 14. Nb5 Bxf3 15. gxf3 d5 16. Be3 a6 17. Nd6 Rc7 18. Rfd1 dxe4 19. fxe4 g6 20. Rac1 Kg7 21. Bd4+ 1-0

[Event "Blankenese op 2nd"]
[Site "Hamburg"]
[Date "2018.09.30"]
[Round "4.23"]
[White "Emami, Madjid"]
[Black "Wurst, Maximilian"]
[Result "1-0"]
[WhiteElo "1977"]
[BlackElo "1747"]
[PlyCount "53"]
[EventDate "2018.09.29"]
[EventType "swiss"]
[EventRounds "7"]
[EventCountry "GER"]
[SourceTitle "EXT 2020"]
[Source "ChessBase"]
[SourceDate "2019.10.17"]
[SourceVersion "1"]
[SourceVersionDate "2019.10.17"]
[SourceQuality "1"]

1. Nf3 d5 2. e3 Nf6 3. c4 e6 4. b3 c5 5. Bb2 Nc6 6. cxd5 exd5 7. Be2 Bd6 8. 0-0 0-0 9. d3 Re8 10. a3 Bf5 11. Nbd2 Rc8 12. Rc1 Qe7 13. Rc2 d4 14. e4 Bd7 15. Re1 b5 16. Bf1 Qd8 17. Qa1 Nh5 18. g3 f5 19. exf5 Rxe1 20. Qxe1 Bxf5 21. Ne4 Bxe4 22. Qxe4 Nf6 23. Qe6+ Kh8 24. b4 cxb4 25. axb4 Rc7 26. Ng5 Re7 27. Rxc6 1-0

[Event "Mecklenburg VP LL2 Ost 1718"]
[Site "Mecklenburg VP"]
[Date "2017.12.10"]
[Round "4.4"]
[White "Laser, Dirk"]
[Black "Wurst, Maximilian"]
[Result "1-0"]
[WhiteElo "1797"]
[BlackElo "1680"]
[PlyCount "29"]
[EventDate "2017.10.08"]
[EventType "team-tourn"]
[EventRounds "9"]
[EventCountry "GER"]
[SourceTitle "EXT 2022"]
[Source "ChessBase"]
[SourceDate "2021.10.06"]
[SourceVersion "1"]
[SourceVersionDate "2021.10.06"]
[SourceQuality "1"]
[WhiteTeam "Graal Mueritz"]
[BlackTeam "Rostock SSC 07 II"]
[WhiteTeamCountry "GER"]
[BlackTeamCountry "GER"]

1. e4 e5 2. f4 exf4 3. Nf3 g5 4. d4 g4 5. Bxf4 gxf3 6. Qxf3 d6 7. Nc3 Nc6 8. 0-0-0 Nf6 9. h3 h6 10. e5 Nh7 11. Bc4 Ng5 12. Qh5 Bf5 13. Rhe1 Bg6 14. exd6+ Ne6 15. Rxe6+ 1-0

[Event "Mecklenburg VP LL2 Ost 1617"]
[Site "Mecklenburg VP"]
[Date "2017.04.23"]
[Round "9.3"]
[White "Reinke, Thomas"]
[Black "Wurst, Maximilian"]
[Result "1-0"]
[WhiteElo "1876"]
[BlackElo "1659"]
[PlyCount "63"]
[EventDate "2016.10.16"]
[EventType "team-tourn"]
[EventRounds "9"]
[EventCountry "GER"]
[SourceTitle "EXT 2022"]
[Source "ChessBase"]
[SourceDate "2021.10.06"]
[SourceVersion "1"]
[SourceVersionDate "2021.10.06"]
[SourceQuality "1"]
[WhiteTeam "Wolgast Motor"]
[BlackTeam "Rostock SSC 07 III"]
[WhiteTeamCountry "GER"]
[BlackTeamCountry "GER"]

1. e4 e5 2. Nc3 Nc6 3. Bc4 Nf6 4. d3 h6 5. Nge2 Bc5 6. h3 d6 7. Na4 Bb6 8. Nxb6 axb6 9. a3 0-0 10. 0-0 Qe7 11. f4 Be6 12. Bxe6 fxe6 13. Be3 exf4 14. Nxf4 Qe8 15. Qd2 Kh7 16. g4 e5 17. Ng2 Ne7 18. Nh4 Rg8 19. Rf3 Rf8 20. Raf1 Neg8 21. Kh2 Rd8 22. Nf5 Qg6 23. g5 hxg5 24. Bxg5 Rd7 25. Rg1 Qh5 26. Rfg3 Rdf7 27. Qg2 Kh8 28. Bxf6 Nxf6 29. Nxg7 Qh7 30. Nf5 d5 31. Rg6 d4 32. Rh6 1-0

[Event "Mecklenburg VP LL2 Ost 1617"]
[Site "Mecklenburg VP"]
[Date "2017.02.26"]
[Round "6.2"]
[White "Pawlick, Helmut"]
[Black "Wurst, Maximilian"]
[Result "1-0"]
[WhiteElo "1830"]
[BlackElo "1659"]
[PlyCount "71"]
[EventDate "2016.10.16"]
[EventType "team-tourn"]
[EventRounds "9"]
[EventCountry "GER"]
[SourceTitle "EXT 2022"]
[Source "ChessBase"]
[SourceDate "2021.10.06"]
[SourceVersion "1"]
[SourceVersionDate "2021.10.06"]
[SourceQuality "1"]
[WhiteTeam "Bergen Rugia"]
[BlackTeam "Rostock SSC 07 III"]
[WhiteTeamCountry "GER"]
[BlackTeamCountry "GER"]

1. e4 e5 2. Nf3 Nc6 3. Bc4 Nf6 4. Ng5 d5 5. exd5 Nxd5 6. Nxf7 Kxf7 7. Qf3+ Ke8 8. Bxd5 Qf6 9. Bxc6+ bxc6 10. Qe2 Bf5 11. d3 Bb4+ 12. Bd2 Bd6 13. Nc3 Qg6 14. 0-0-0 Qxg2 15. Rdg1 Qh3 16. Rg3 Qh4 17. Bg5 Qb4 18. Bd2 Rb8 19. Nd1 Qb5 20. Bc3 Rg8 21. Ne3 Bg6 22. Nc4 e4 23. Rxg6 hxg6 24. Qxe4+ Kd7 25. Qxg6 Rbf8 26. Ne3 Kc8 27. h4 Rxf2 28. Qe6+ Kb7 29. Qxg8 Bf4 30. Bd2 Qc5 31. Qb3+ Kc8 32. Qe6+ Kb7 33. Re1 Rh2 34. Nf1 Qf2 35. Qb3+ Kc8 36. Re8+ 1-0

[Event "Mecklenburg VP LL2 Ost 1617"]
[Site "Mecklenburg VP"]
[Date "2016.12.04"]
[Round "4.3"]
[White "Bollnow, Alex"]
[Black "Wurst, Maximilian"]
[Result "0-1"]
[WhiteElo "1592"]
[BlackElo "1659"]
[PlyCount "106"]
[EventDate "2016.10.16"]
[EventType "team-tourn"]
[EventRounds "9"]
[EventCountry "GER"]
[SourceTitle "EXT 2022"]
[Source "ChessBase"]
[SourceDate "2021.10.06"]
[SourceVersion "1"]
[SourceVersionDate "2021.10.06"]
[SourceQuality "1"]
[WhiteTeam "Torgelow Droegeheide II"]
[BlackTeam "Rostock SSC 07 III"]
[WhiteTeamCountry "GER"]
[BlackTeamCountry "GER"]

1. e4 e5 2. Nf3 Nc6 3. Bb5 Bc5 4. c3 a6 5. Ba4 d6 6. 0-0 Bg4 7. d4 exd4 8. cxd4 Bxf3 9. Bxc6+ bxc6 10. gxf3 Bb6 11. Nc3 Qf6 12. Ne2 Qxf3 13. Ng3 Qxd1 14. Rxd1 Ne7 15. Kg2 0-0 16. b3 Ng6 17. Bb2 Rfe8 18. Re1 Ba5 19. Rf1 Nf4+ 20. Kf3 Nd3 21. Ba3 Bb4 22. Bxb4 Nxb4 23. Rfd1 a5 24. Rd2 Na6 25. Rc1 c5 26. d5 Nb8 27. Rg1 g6 28. Nh5 Nd7 29. h4 Kh8 30. Nf4 h5 31. Ke3 Kh7 32. f3 Ne5 33. Rdg2 a4 34. Rb1 Reb8 35. Rgb2 axb3 36. Rxb3 Rxb3+ 37. axb3 Rb8 38. Nd3 Nxd3 39. Kxd3 Kg7 40. Kc3 f6 41. Rg1 Kh6 42. f4 Rb4 43. Re1 Rd4 44. Kc2 g5 45. hxg5+ fxg5 46. e5 dxe5 47. fxe5 Rxd5 48. e6 Rd8 49. e7 Re8 50. Re6+ Kg7 51. Kd3 Kf7 52. Re4 Rxe7 53. Rxe7+ Kxe7 0-1

[Event "Mecklenburg VP LL2 Ost 1617"]
[Site "Mecklenburg VP"]
[Date "2016.10.16"]
[Round "1.2"]
[White "Vietinghoff, Klaus"]
[Black "Wurst, Maximilian"]
[Result "1-0"]
[WhiteElo "1707"]
[BlackElo "1659"]
[PlyCount "111"]
[EventDate "2016.10.16"]
[EventType "team-tourn"]
[EventRounds "9"]
[EventCountry "GER"]
[SourceTitle "EXT 2022"]
[Source "ChessBase"]
[SourceDate "2021.10.06"]
[SourceVersion "1"]
[SourceVersionDate "2021.10.06"]
[SourceQuality "1"]
[WhiteTeam "Stralsund FHSG II"]
[BlackTeam "Rostock SSC 07 III"]
[WhiteTeamCountry "GER"]
[BlackTeamCountry "GER"]

1. f4 Nc6 2. Nf3 d5 3. e3 Nf6 4. Bb5 Bd7 5. b3 a6 6. Bxc6 Bxc6 7. Bb2 e6 8. 0-0 Bc5 9. Qe2 Bb5 10. d3 Ng4 11. Nd4 Bxd4 12. Bxd4 Nf6 13. Nd2 Qe7 14. a4 Bd7 15. Nf3 0-0 16. Ne5 c5 17. Bb2 Rac8 18. g4 Bc6 19. Rf2 Nd7 20. Nf3 f6 21. d4 c4 22. Ba3 Qf7 23. Bxf8 Qxf8 24. g5 f5 25. h4 Qb4 26. Qd2 c3 27. Qe2 b5 28. a5 Qd6 29. h5 Ra8 30. Nh4 b4 31. Rh2 Bb5 32. Qf3 Nb8 33. Qh3 Nc6 34. Ng6 Qd7 35. Kf2 Qf7 36. Kf3 Ra7 37. Ne5 Nxe5+ 38. fxe5 Qe7 39. Qh4 Qc7 40. Qf4 Rb7 41. g6 h6 42. Qh4 Kf8 43. Rf2 Ke8 44. Kg3 Bc6 45. Qh3 Rb5 46. Rxf5 exf5 47. Qxf5 Qd7 48. e6 Qe7 49. Rf1 Qg5+ 50. Qxg5 hxg5 51. Rf7 Rb7 52. Kg4 Rxf7 53. gxf7+ Kf8 54. Kxg5 Bb5 55. h6 gxh6+ 56. Kf6 1-0

[Event "GER-ch U16"]
[Site "Willingen"]
[Date "2016.05.19"]
[Round "7"]
[White "Piskaykin, Bogdan"]
[Black "Wurst, Maximilian"]
[Result "1-0"]
[WhiteElo "1851"]
[BlackElo "1698"]
[PlyCount "61"]
[EventDate "2016.05.15"]
[EventType "swiss"]
[EventRounds "9"]
[EventCountry "GER"]
[SourceTitle "CBM 172 Extra"]
[Source "ChessBase"]
[SourceDate "2016.06.21"]
[SourceVersion "1"]
[SourceVersionDate "2016.06.21"]
[SourceQuality "1"]

1. e4 e5 2. d4 exd4 3. Qxd4 Nc6 4. Qe3 Nf6 5. Nc3 Bb4 6. Bd2 d6 7. 0-0-0 Bc5 8. Qe1 Be6 9. f4 Bg4 10. Be2 Bxe2 11. Qxe2 Qe7 12. h3 Nd4 13. Qd3 0-0-0 14. Nf3 Nxf3 15. Qxf3 Nd7 16. Nd5 Qe8 17. Rhe1 Nb6 18. Bc3 Rg8 19. b4 c6 20. bxc5 Na4 21. Ba5 cxd5 22. Bxd8 Qxd8 23. cxd6 Qxd6 24. Rd4 b5 25. e5 Qc5 26. Rxd5 Qb4 27. Re4 Qb2+ 28. Kd2 Qxa2 29. Qb3 Qa1 30. Re1 Qb2 31. Rc5+ 1-0

[Event "GER-ch U16"]
[Site "Willingen"]
[Date "2016.05.17"]
[Round "4"]
[White "Zimmer, Luca"]
[Black "Wurst, Maximilian"]
[Result "1-0"]
[WhiteElo "1521"]
[BlackElo "1698"]
[PlyCount "39"]
[EventDate "2016.05.15"]
[EventType "swiss"]
[EventRounds "9"]
[EventCountry "GER"]
[SourceTitle "CBM 172 Extra"]
[Source "ChessBase"]
[SourceDate "2016.06.21"]
[SourceVersion "1"]
[SourceVersionDate "2016.06.21"]
[SourceQuality "1"]

1. e4 e5 2. Nf3 Nc6 3. Bc4 Bc5 4. 0-0 Nf6 5. d4 exd4 6. e5 d5 7. exf6 dxc4 8. Re1+ Be6 9. fxg7 Rg8 10. Bg5 Qd5 11. Nc3 Qf5 12. Ne4 Be7 13. Bxe7 Kxe7 14. Nxd4 Nxd4 15. Qxd4 Qg6 16. Qc5+ Ke8 17. Qxc7 Rxg7 18. Ng3 Qxc2 19. Rxe6+ Kf8 20. Qe7+ 1-0

[Event "GER-ch U16"]
[Site "Willingen"]
[Date "2016.05.15"]
[Round "2"]
[White "Tiarks, Jann Christian"]
[Black "Wurst, Maximilian"]
[Result "1-0"]
[WhiteElo "1953"]
[BlackElo "1698"]
[PlyCount "47"]
[EventDate "2016.05.15"]
[EventType "swiss"]
[EventRounds "9"]
[EventCountry "GER"]
[SourceTitle "CBM 172 Extra"]
[Source "ChessBase"]
[SourceDate "2016.06.21"]
[SourceVersion "1"]
[SourceVersionDate "2016.06.21"]
[SourceQuality "1"]

1. e4 e5 2. Nf3 Nc6 3. d4 exd4 4. Nxd4 Nxd4 5. Qxd4 d6 6. Nc3 Nf6 7. Be3 Be6 8. Be2 Qd7 9. h3 Be7 10. f4 c5 11. Qd2 Qc7 12. 0-0-0 a6 13. Bf3 Rb8 14. g4 h6 15. Rhe1 b5 16. f5 Bd7 17. Bf4 Rb6 18. e5 dxe5 19. Bxe5 Qa7 20. Bxf6 Rxf6 21. Nd5 Rd6 22. Rxe7+ Kf8 23. Qe3 Qb8 24. Qxc5 1-0

[Event "Mecklenburg VP VL 1415"]
[Site "Mecklenburg VP"]
[Date "2015.03.15"]
[Round "7.8"]
[White "Wurst, Maximilian"]
[Black "Lueth, Jochen"]
[Result "1-0"]
[WhiteElo "1381"]
[BlackElo "1631"]
[PlyCount "161"]
[EventDate "2014.09.21"]
[EventType "team-tourn"]
[EventRounds "9"]
[EventCountry "GER"]
[SourceTitle "EXT 2022"]
[Source "ChessBase"]
[SourceDate "2021.10.06"]
[SourceVersion "1"]
[SourceVersionDate "2021.10.06"]
[SourceQuality "1"]
[WhiteTeam "Rostock SSC 07 II"]
[BlackTeam "Rostock HSG Uni"]
[WhiteTeamCountry "GER"]
[BlackTeamCountry "GER"]

1. e4 d5 2. exd5 Qxd5 3. Nc3 Qa5 4. d4 c6 5. Nf3 Bf5 6. Bc4 e6 7. Qe2 Nf6 8. Bd2 Qc7 9. Ne5 Bg6 10. Bf4 Bd6 11. 0-0 Bxe5 12. Bxe5 Qe7 13. Rfe1 0-0 14. Bd3 Bxd3 15. Qxd3 Rd8 16. Re3 Nbd7 17. f4 g6 18. h3 Nb6 19. Ne4 Nxe4 20. Qxe4 f6 21. f5 exf5 22. Qh4 g5 23. Rg3 Kf8 24. Qh6+ Qg7 25. Qxf6+ Qxf6 26. Bxf6 Rd6 27. Bxg5 Rxd4 28. Be3 Rd5 29. Rf3 Nc4 30. Bh6+ Kf7 31. b3 Nb6 32. Raf1 Kg6 33. Be3 c5 34. g4 Rf8 35. gxf5+ Rdxf5 36. Rxf5 Rxf5 37. Rxf5 Kxf5 38. Bxc5 Nd7 39. Bd4 Ke4 40. c3 Kd3 41. Kf2 Kc2 42. b4 Nb6 43. b5 Na4 44. c4 Kd3 45. Bxa7 Kxc4 46. b6 Nc3 47. Kg3 Nxa2 48. Kg4 Nc3 49. Kg5 Kd5 50. Kh6 Ne4 51. Bb8 Ke6 52. Bc7 Kf7 53. Bf4 Kg8 54. Bg5 Nd6 55. h4 Kh8 56. Kh5 Kg7 57. Kg4 Nc4 58. Bd8 Ne5+ 59. Kf5 Nc4 60. Ke6 Kg6 61. Kd7 Kh5 62. Kc7 Ne5 63. Be7 Kg4 64. Bb4 Nc4 65. Be1 Kf3 66. Kxb7 Ke2 67. Bb4 Kf3 68. Kc7 Nxb6 69. Kxb6 Kg4 70. Be7 Kf5 71. Kc5 h5 72. Kd5 Kg6 73. Ke5 Kf7 74. Bg5 Kg6 75. Ke6 Kg7 76. Kf5 Kh7 77. Bd2 Kg7 78. Kg5 Kh7 79. Kxh5 Kg7 80. Bc3+ Kh7 81. Kg5 1-0

[Event "Mecklenburg VP-ch U14"]
[Site "Malchow"]
[Date "2014.02.04"]
[Round "7"]
[White "Schulz, Daniel"]
[Black "Wurst, Maximilian"]
[Result "1/2-1/2"]
[WhiteElo "1456"]
[BlackElo "1506"]
[PlyCount "73"]
[EventDate "2014.02.01"]
[EventType "swiss"]
[EventRounds "7"]
[EventCountry "GER"]
[SourceTitle "EXT 2017"]
[Source "ChessBase"]
[SourceDate "2016.10.25"]
[SourceVersion "1"]
[SourceVersionDate "2016.10.25"]
[SourceQuality "1"]

1. e4 e5 2. Nc3 Nf6 3. f4 d6 4. Nf3 Nc6 5. Bb5 Bd7 6. d3 a6 7. Bxc6 Bxc6 8. fxe5 dxe5 9. Nxe5 Bc5 10. Nf3 Ng4 11. d4 Bb6 12. h3 Nf6 13. d5 Bb5 14. Bg5 h6 15. Bh4 g5 16. Bf2 Bxf2+ 17. Kxf2 g4 18. Nd4 gxh3 19. gxh3 Qe7 20. Qf3 0-0-0 21. Rhe1 Qe5 22. Qf5+ Qxf5+ 23. Nxf5 Bd7 24. Rad1 Kb8 25. Kf3 h5 26. Rg1 Bxf5 27. exf5 Rd7 28. Rg2 h4 29. Rgd2 Rhd8 30. Rd4 Rh8 31. Ne4 Nxe4 32. Rxe4 Rh6 33. c4 c6 34. Red4 c5 35. Re4 Rdd6 36. Rg1 Rhf6 37. Rg5 1/2-1/2

[Event "Mecklenburg VP-ch U14"]
[Site "Malchow"]
[Date "2014.02.02"]
[Round "3"]
[White "Wurst, Maximilian"]
[Black "Schamber, Dennis"]
[Result "1/2-1/2"]
[WhiteElo "1506"]
[BlackElo "1560"]
[PlyCount "113"]
[EventDate "2014.02.01"]
[EventType "swiss"]
[EventRounds "7"]
[EventCountry "GER"]
[SourceTitle "EXT 2017"]
[Source "ChessBase"]
[SourceDate "2016.10.25"]
[SourceVersion "1"]
[SourceVersionDate "2016.10.25"]
[SourceQuality "1"]

1. e4 d6 2. d4 Nf6 3. Nc3 g6 4. Nf3 Bg7 5. Bc4 0-0 6. 0-0 c6 7. e5 dxe5 8. dxe5 Ng4 9. Bf4 Bf5 10. h3 Nh6 11. Bb3 Na6 12. Nd4 Bc8 13. Qd2 Nf5 14. Nce2 Nc5 15. Bc4 Qb6 16. Nxf5 Bxf5 17. c3 Rfd8 18. Qc1 Nd3 19. Bxd3 Bxd3 20. Re1 c5 21. Ng3 Qc6 22. Qe3 c4 23. Bg5 f6 24. exf6 exf6 25. Bh6 Re8 26. Qd2 Rad8 27. Rxe8+ Rxe8 28. Bxg7 Kxg7 29. b3 b5 30. b4 Qc7 31. Re1 Re5 32. Re3 Qe7 33. a3 Rxe3 34. Qxe3 Qxe3 35. fxe3 f5 36. Kf2 Kf6 37. Kf3 Ke5 38. h4 h6 39. Nh1 Be4+ 40. Kg3 Bc2 41. Nf2 a6 42. Kf3 Bb1 43. g3 g5 44. hxg5 hxg5 45. Ke2 Be4 46. Kd2 Bf3 47. Kc2 f4 48. gxf4+ gxf4 49. Kd2 Bh5 50. Nh3 f3 51. Nf2 Bg6 52. Ke1 Bd3 53. Kd2 Kf5 54. Ke1 Kg5 55. Kd2 Kh4 56. e4 Kg3 57. Ke3 1/2-1/2

[Event "GER-chT North U12"]
[Site "Magdeburg"]
[Date "2013.09.15"]
[Round "7.1"]
[White "Wurst, Maximilian"]
[Black "Meier, Johannes1111"]
[Result "1-0"]
[WhiteElo "1477"]
[BlackElo "1121"]
[PlyCount "87"]
[EventDate "2013.09.12"]
[EventType "team-swiss"]
[EventRounds "7"]
[EventCountry "GER"]
[SourceTitle "EXT 2014"]
[Source "ChessBase"]
[SourceDate "2013.11.20"]
[SourceVersion "1"]
[SourceVersionDate "2013.11.20"]
[SourceQuality "1"]
[WhiteTeam "Rostock SSC 07"]
[BlackTeam "Falkenberg"]
[WhiteTeamCountry "GER"]
[BlackTeamCountry "GER"]

1. e4 e5 2. Nf3 Nc6 3. Bc4 Bc5 4. Nc3 d6 5. d3 h6 6. h3 Nf6 7. a3 a6 8. 0-0 0-0 9. Be3 Bxe3 10. fxe3 Bd7 11. d4 exd4 12. exd4 Re8 13. Re1 Be6 14. Ba2 Bxa2 15. Rxa2 Re7 16. d5 Ne5 17. Nd2 Qd7 18. Re3 Rae8 19. Qe2 Ng6 20. Ra1 c6 21. Qc4 c5 22. Rae1 Ne5 23. Qf1 b5 24. Ne2 Kh8 25. Ng3 Ng6 26. c3 Qa7 27. Kh1 c4 28. Nf5 Rd7 29. Nxh6 Nh5 30. Nf5 Nhf4 31. Rb1 Nd3 32. Nd4 Kg8 33. Kh2 Nge5 34. Rg3 Qb7 35. Nf5 f6 36. Nd4 Nc5 37. Qxf6 Rf8 38. Qh4 Nf7 39. Ne6 Ne5 40. Nxf8 Kxf8 41. Qh8+ Kf7 42. Rf1+ Ke7 43. Rxg7+ Nf7 44. Rgxf7# 1-0